<?xml version="1.0" encoding="UTF-8"?>
<marc:record xmlns:marc="http://www.loc.gov/MARC21/slim">
   <marc:leader>00000nam a2200000 a 4500</marc:leader>
   <marc:datafield ind1="1" ind2=" " tag="100">
      <marc:subfield code="a">Zinggl, Martin</marc:subfield>
      <marc:subfield code="4">aut</marc:subfield>
      <marc:subfield code="e">Verfasser/-in</marc:subfield>
   </marc:datafield>
   <marc:datafield ind1="0" ind2="0" tag="245">
      <marc:subfield code="a">Gebrauchsanweisung für Lissabon</marc:subfield>
   </marc:datafield>
   <marc:datafield ind1="0" ind2="0" tag="245">
      <marc:subfield code="c">Martin Zinggl</marc:subfield>
   </marc:datafield>
   <marc:datafield ind1=" " ind2="1" tag="264">
      <marc:subfield code="a">München</marc:subfield>
      <marc:subfield code="b">Piper</marc:subfield>
      <marc:subfield code="c">2020</marc:subfield>
   </marc:datafield>
   <marc:datafield ind1="1" ind2=" " tag="520">
      <marc:subfield code="a">Angaben aus der Verlagsmeldung

Gebrauchsanweisung für Lissabon / von Martin Zinggl

Martin Zinggl besuchte vor über 15 Jahren erstmals Lissabon und kehrt seitdem immer wieder in die Hauptstadt der Kachelkunst zurück. Er nimmt uns mit über den Tejo, zu den Miradouros mit dem besten Ausblick und auf eine Fahrt mit der legendären Elektrotram 28E. Er lüftet das Geheimnis salzgetrockneten Kabeljaus, erzählt vom strengen Regiment der Kellner und beschwört die melancholischen Klänge des Fado herauf. Im Zeichen von »We hate Tourism« führt er uns an Plätze, die keine Touristenattraktionen sind, und ins Lissaboner Umland: an den Hausstrand, ins James-Bond-Casino von Estoril und in den Märchenwald von Sintra. Doch keine Sorge: Egal, wohin es geht, das nächste Pastel de Nata ist nicht weit!
</marc:subfield>
   </marc:datafield>
   <marc:datafield ind1=" " ind2=" " tag="020">
      <marc:subfield code="a">9783492277419</marc:subfield>
      <marc:subfield code="9">9783492277419</marc:subfield>
   </marc:datafield>
   <marc:datafield ind1=" " ind2=" " tag="020">
      <marc:subfield code="a">3492277411</marc:subfield>
      <marc:subfield code="9">3492277411</marc:subfield>
   </marc:datafield>
   <marc:datafield ind1=" " ind2=" " tag="041">
      <marc:subfield code="a">ger</marc:subfield>
   </marc:datafield>
   <marc:datafield ind1=" " ind2=" " tag="300">
      <marc:subfield code="a">222 Seiten</marc:subfield>
   </marc:datafield>
</marc:record>
